书目信息 |
| 题名: |
新生活
|
|
| 作者: | ;北京未来新世纪教育科学发展中心 编 | |
| 分册: | 13 学会守法之规 | |
| 出版信息: | 乌鲁木齐 新疆青少年出版社 2006 |
|
| 页数: | 153页 | |
| 开本: | 20cm | |
| 丛书名: | ||
| 单 册: | ||
| 中图分类: | Z228.2 | |
| 科图分类: | ||
| 主题词: | 法制教育--中国--通俗读物 , 法制教育 , 百科全书--中国 | |
| 电子资源: | ||
| ISBN: | 7-5373-1466-7 | |
| 000 | 00971nam0 2200265 45 | |
| 001 | 012006292814 | |
| 005 | 20070116103852.59 | |
| 010 | @a7-5373-1466-7@dCNY198.00(全20册) | |
| 092 | @aCN@b505802 | |
| 100 | @a20060928d2006 em y0chiy0120 ea | |
| 101 | 0 | @achi |
| 102 | @aCN@b650000 | |
| 105 | @ay z 000yy | |
| 200 | 1 | @a新生活@9xin sheng huo@h13@i学会守法之规@f北京未来新世纪教育科学发展中心编 |
| 210 | @a乌鲁木齐@c新疆青少年出版社@a喀什@c喀什维吾尔文出版社@d2006 | |
| 215 | @a153页@d20cm | |
| 330 | @a本书是关于公民道德建设的普及知识读本,运用通俗易懂的文字以论说、故事结合的方式讲述守法的内涵、意义、实践等。 | |
| 517 | 1 | @a学会守法之规@9xue hui shou fa zhi gui |
| 606 | 0 | @a法制教育@y中国@j通俗读物 |
| 606 | 0 | @a法制教育 |
| 606 | 0 | @a百科全书@x中国 |
| 690 | @aZ228.2@v4 | |
| 711 | 02 | @a北京未来新世纪教育科学发展中心@9bei jing wei lai xin shi ji jiao yu ke xue fa zhan zhong xin@4编 |
| 801 | 0 | @aCN@bLZJBOOK@c20070116 |
| 905 | @a10447@dZ228.2@e174:13 | |
| 新生活.13.学会守法之规/北京未来新世纪教育科学发展中心编.-乌鲁木齐:新疆青少年出版社;喀什:喀什维吾尔文出版社,2006 |
| 153页;20cm |
| ISBN 7-5373-1466-7:CNY198.00(全20册) |
| 本书是关于公民道德建设的普及知识读本,运用通俗易懂的文字以论说、故事结合的方式讲述守法的内涵、意义、实践等。 |
| ● |
| 相关链接 |
|
|
|
|
正题名:新生活
索取号:Z228.2/174:13
 
预约/预借
| 序号 | 登录号 | 条形码 | 馆藏地/架位号 | 状态 | 备注 |
| 1 | 0567225 | 205672253 | 第二样本阅览室/ [索取号:Z228.2/174:13] | 在馆 | |
| 2 | 0567226 | 205672262 | 第三借阅区/ [索取号:Z228.2/174:13] | 在馆 | |
| 3 | 0567227 | 205672271 | 第三借阅区/ [索取号:Z228.2/174:13] | 在馆 | |
| 4 | 0567228 | 205672280 | 第三借阅区/ [索取号:Z228.2/174:13] | 在馆 | |
| 5 | 0567229 | 205672299 | 第三借阅区/ [索取号:Z228.2/174:13] | 在馆 | |
| 6 | 0567230 | 205672306 | 第三借阅区/ [索取号:Z228.2/174:13] | 在馆 |